00742nas a2200229Ia 4500001001100000003000900011008004100020040001300061040001300074041001300087100004400100210001100144222001100155245007000166250001100236260003300247501008600280300001700366362001700383500007600400650003600476R064/D3278IT-RoPAU151124c99999999xx |||||||||||| ||und|| aIT-RoPAU cIT-RoPAU aFRANCESE aSoldati MariogCodice Aut. SPICS: 1146 aTRAFIC aTrafic aTRAFIC, N.015 (1995)bDieu! Dieu, Pourquoi Nous As-Tu Abandonnes? a1a ed. aPARISbP.O.L. EDITIONSc1995 bPaulus - SPICS - Società San Paolo EM (non-commercial uses only)cCopyright2015 a4 p. [86-89] aN.015 (1995) aDio Perche' Ci Hai Abbandonati? Riflessioni Sul Film di Pasolini Salo'. aCINEMAvPUBBLICAZIONE PERIODICA